000 00773nam a2200265Ia 4500
003 OSt
005 20220924123655.0
006 a|||||r|||| 00| 0
007 ta
008 220923b |||||||| |||| 00| 0 urd d
020 _a818172044X (hbk)
020 _c100
024 _a284762
037 _b4311, 19/11/2014, Kitabi Duniya
_cTextual
040 _aARTS
_cARTS
_burd
041 _2urd
_aurd
082 _aO168,1L21:g, Q0
100 _aHaider Raza
_9183465
245 0 _aKhwaja Meer Dard
_b Hayat o khidmaat
260 _aNew Delhi
_b Ghalib Insturdte India
_c2010
300 _a168p.
_ccm.
650 _aURDU POETRY
942 _hO168,1L21:g, Q0
_cTEXL
_2CC
999 _c416661
_d416661